The Harvest (Record no. 11565)
[ view plain ]
| 000 -LEADER | |
|---|---|
| fixed length control field | 00375nam a22001577a 4500 |
| 003 - CONTROL NUMBER IDENTIFIER | |
| control field | OSt |
| 005 - DATE AND TIME OF LATEST TRANSACTION | |
| control field | 20260409061927.0 |
| 008 - FIXED-LENGTH DATA ELEMENTS--GENERAL INFORMATION | |
| fixed length control field | 260409b |||||||| |||| 00| 0 eng d |
| 040 ## - CATALOGING SOURCE | |
| Transcribing agency | DLC |
| 050 ## - LIBRARY OF CONGRESS CALL NUMBER | |
| Classification number | 242 |
| Item number | J25H |
| 082 ## - DEWEY DECIMAL CLASSIFICATION NUMBER | |
| Classification number | 242 |
| Item number | J25H |
| 245 ## - TITLE STATEMENT | |
| Title | The Harvest |
| Statement of responsibility, etc. | by T. D. Jakes |
| 260 ## - PUBLICATION, DISTRIBUTION, ETC. | |
| Place of publication, distribution, etc. | Bakersfield: |
| Name of publisher, distributor, etc. | Pneuma Life Publishing, |
| Date of publication, distribution, etc. | 1996. |
| 300 ## - PHYSICAL DESCRIPTION | |
| Extent | 81p. |
| 942 ## - ADDED ENTRY ELEMENTS (KOHA) | |
| Source of classification or shelving scheme | Dewey Decimal Classification |
| Koha item type | Books |
| Withdrawn status | Lost status | Source of classification or shelving scheme | Damaged status | Not for loan | Home library | Current library | Shelving location | Date acquired | Total Checkouts | Full call number | Barcode | Date last seen | Price effective from | Koha item type |
|---|---|---|---|---|---|---|---|---|---|---|---|---|---|---|
| Dewey Decimal Classification | Harvest Mission College | Harvest Mission College | General Stacks | 09.04.2026 | 242 J25H | 013364 | 09.04.2026 | 09.04.2026 | Books |
